000
00278nam a22001217a 4500
082
_a
621.3881 BRE'T
100
_a
BRETZ, RUDY
_9
80404
245
_a
TECHNIQUES OF TELEVISION PRODUCTION
250
_a
2ND
260
_a
NEWYORK
_b
MCGRAW HILL
_c
1962
300
_a
517P
942
_c
BK
999
_c
585346
_d
585346